000 00335nam a2200157Ia 4500
003 IT-RoPAU
008 120407s9999 xx 000 0 und d
040 _aIT-RoPAU
040 _cIT-RoPAU
100 _aIgnace de la Potterie
245 _aDa Gesù ai Vangeli
260 _aCittadella
300 _c cm
490 _v1
942 _cBK
999 _c1944
_d1944